000 00751cam a2200325ua 4500
020 _c40.00 (PB)
041 _aeng
_h
082 _a620.1
_bPRA/TE
100 _aPrasad, I B .
_95997
245 _aText book of applied mechanics /
_cI B Prasad.
_hTextual Documents
250 _a11 /
_b.
260 _aNew Delhi :
_bKhanna publishers ,
_c1986.
300 _a916 ; .
365 _a40.00
504 _a
650 _aMechanics
_91797
942 _cBK
999 _c94
_d94
003 @
003 OSt